Ship Repairing (Record no. 12639)

000 -LEADER
fixed length control field 03920nam a22006495i 4500
001 - CONTROL NUMBER
control field 978-981-16-9468-4
003 - CONTROL NUMBER IDENTIFIER
control field DE-He213
005 - DATE AND TIME OF LATEST TRANSACTION
control field 20250103112325.0
007 - PHYSICAL DESCRIPTION FIXED FIELD--GENERAL INFORMATION
fixed length control field cr nn 008mamaa
008 - FIXED-LENGTH DATA ELEMENTS--GENERAL INFORMATION
fixed length control field 220309s2022 si | s |||| 0|eng d
020 ## - INTERNATIONAL STANDARD BOOK NUMBER
International Standard Book Number 9789811694684
-- 978-981-16-9468-4
024 ## - OTHER STANDARD IDENTIFIER
Standard number or code 10.1007/978-981-16-9468-4
Source of number or code doi
050 ## - LIBRARY OF CONGRESS CALL NUMBER
Classification number TJ1-1570
072 ## - SUBJECT CATEGORY CODE
Subject category code TRL
Source bicssc
072 ## - SUBJECT CATEGORY CODE
Subject category code TRA006000
Source bisacsh
072 ## - SUBJECT CATEGORY CODE
Subject category code TRL
Source thema
082 ## - DEWEY DECIMAL CLASSIFICATION NUMBER
Classification number 623.8
Edition number 23
100 ## - MAIN ENTRY--PERSONAL NAME
Personal name Dev, Arun Kr.
Relator term author.
Relationship aut
-- http://id.loc.gov/vocabulary/relators/aut
245 ## - TITLE STATEMENT
Title Ship Repairing
Medium [electronic resource] :
Remainder of title Analyses and Estimates /
Statement of responsibility, etc. by Arun Kr Dev, Makaraksha Saha, George Bruce.
250 ## - EDITION STATEMENT
Edition statement 1st ed. 2022.
260 ## - PUBLICATION, DISTRIBUTION, ETC.
Place of publication, distribution, etc. Singapore :
Name of publisher, distributor, etc. Springer Nature Singapore :
-- Imprint: Springer,
Date of publication, distribution, etc. 2022.
300 ## - PHYSICAL DESCRIPTION
Extent XXIII, 272 p. 302 illus., 2 illus. in color.
Other physical details online resource.
336 ## - CONTENT TYPE
Content type term text
Content type code txt
Source rdacontent
337 ## - MEDIA TYPE
Media type term computer
Media type code c
Source rdamedia
338 ## - CARRIER TYPE
Carrier type term online resource
Carrier type code cr
Source rdacarrier
347 ## - DIGITAL FILE CHARACTERISTICS
File type text file
Encoding format PDF
Source rda
490 ## - SERIES STATEMENT
Series statement Springer Series on Naval Architecture, Marine Engineering, Shipbuilding and Shipping,
International Standard Serial Number 2194-8453 ;
Volume/sequential designation 12
505 ## - FORMATTED CONTENTS NOTE
Formatted contents note Introduction -- Data Collection and Illustrations -- Analysis of Repairing Time -- Analysis of Docking Time -- Analysis of Repairing Labor -- Hull Coating Renewal Area.
520 ## - SUMMARY, ETC.
Summary, etc. This book highlights the relationship between independent and dependent ship repairing variables of various combinations under linear and nonlinear form using actual data collected from shipyards. Independent variables refer to age, deadweight, cubic number, principal dimensions, and type of ships. Dependent variables refer to repairing time, docking time, repairing labor, docking labor, hull blasting renewal area, hull painting renewal area, pipe renewal length, structural steel renewal weight, and structural steel renewal locations. Mathematical models are developed involving appropriate variables using multiple linear regression analysis technique for different combinations of variables of ship repair. Adequacy of models is tested using statistical parameters like coefficients of multiple determination and F statistic (calculated and tabulated). Also, validation is presented to determine the deviation of model value from the observed value and their statistical parameters to justifythe adequacy of the respective estimate models. The book also emphasises the importance of managing the labor force, reliable data collection and an effective management information system to manage this as well as keeping control of on-going repair contracts.
650 ## - SUBJECT ADDED ENTRY--TOPICAL TERM
Topical term or geographic name entry element Marine engineering.
650 ## - SUBJECT ADDED ENTRY--TOPICAL TERM
Topical term or geographic name entry element Project management.
650 ## - SUBJECT ADDED ENTRY--TOPICAL TERM
Topical term or geographic name entry element Transportation engineering.
650 ## - SUBJECT ADDED ENTRY--TOPICAL TERM
Topical term or geographic name entry element Traffic engineering.
650 ## - SUBJECT ADDED ENTRY--TOPICAL TERM
Topical term or geographic name entry element Engineering design.
650 ## - SUBJECT ADDED ENTRY--TOPICAL TERM
Topical term or geographic name entry element Industrial engineering.
650 ## - SUBJECT ADDED ENTRY--TOPICAL TERM
Topical term or geographic name entry element Production engineering.
650 ## - SUBJECT ADDED ENTRY--TOPICAL TERM
Topical term or geographic name entry element Offshore structures.
650 ## - SUBJECT ADDED ENTRY--TOPICAL TERM
Topical term or geographic name entry element Marine Engineering.
650 ## - SUBJECT ADDED ENTRY--TOPICAL TERM
Topical term or geographic name entry element Project Management.
650 ## - SUBJECT ADDED ENTRY--TOPICAL TERM
Topical term or geographic name entry element Transportation Technology and Traffic Engineering.
650 ## - SUBJECT ADDED ENTRY--TOPICAL TERM
Topical term or geographic name entry element Engineering Design.
650 ## - SUBJECT ADDED ENTRY--TOPICAL TERM
Topical term or geographic name entry element Industrial and Production Engineering.
650 ## - SUBJECT ADDED ENTRY--TOPICAL TERM
Topical term or geographic name entry element Offshore Engineering.
700 ## - ADDED ENTRY--PERSONAL NAME
Personal name Saha, Makaraksha.
Relator term author.
Relationship aut
-- http://id.loc.gov/vocabulary/relators/aut
700 ## - ADDED ENTRY--PERSONAL NAME
Personal name Bruce, George.
Relator term author.
Relationship aut
-- http://id.loc.gov/vocabulary/relators/aut
710 ## - ADDED ENTRY--CORPORATE NAME
Corporate name or jurisdiction name as entry element SpringerLink (Online service)
773 ## - HOST ITEM ENTRY
Title Springer Nature eBook
776 ## - ADDITIONAL PHYSICAL FORM ENTRY
Relationship information Printed edition:
International Standard Book Number 9789811694677
776 ## - ADDITIONAL PHYSICAL FORM ENTRY
Relationship information Printed edition:
International Standard Book Number 9789811694691
776 ## - ADDITIONAL PHYSICAL FORM ENTRY
Relationship information Printed edition:
International Standard Book Number 9789811694707
830 ## - SERIES ADDED ENTRY--UNIFORM TITLE
Uniform title Springer Series on Naval Architecture, Marine Engineering, Shipbuilding and Shipping,
International Standard Serial Number 2194-8453 ;
Volume/sequential designation 12
856 ## - ELECTRONIC LOCATION AND ACCESS
Uniform Resource Identifier <a href="https://doi.org/10.1007/978-981-16-9468-4">https://doi.org/10.1007/978-981-16-9468-4</a>
912 ## -
-- ZDB-2-ENG
912 ## -
-- ZDB-2-SXE
Holdings
Withdrawn status Lost status Damaged status Not for loan Permanent Location Current Location Date acquired Date last seen Price effective from Koha item type
        IMU-MPC Library IMU-MPC Library 2025-01-03 2025-01-03 2025-01-03 E-Book
Copyright © 2021 Indian Maritime University, Mumbai Port Campus. All Rights Reserved. Managed & Maintained by Central Library, IMU-Mumbai

webs counters

Powered by Koha